000 00758nam a22001937a 4500
008 100411t xxu||||| |||| 00| 0 eng d
020 _a9788122421637
020 _a8122421636
082 _222
_a624.1510954
_bRED
100 _aReddy, M.T. Maruthesha.
_913442
245 _aA textbook of applied engineering geology /
_cM.T. Maruthesha Reddy.
260 _aNew Delhi :
_bNew age international,
_cc.[2009].
300 _a263p:
_bill;
_c25 cm.
500 _aIncludes Index.
650 _aEngineering geology --India.
_913443
650 _aApplied Engineering - geology --India.
_913444
942 _2ddc
_cBB
999 _c13869
_d13869